000 00944aam a2200277 i 4500
999 _c44734
_d44734
001 18277
003 CO-MdBIC
005 20190521091628.0
008 190514t1996 -us |||| |||| 00| 0 spa d
020 _a1558830928
040 _aCO-MdFUSB
_bspa
_cCO-MdFUSB
_dCO-MdFUSBC
_erda
041 _aspa
082 _226
_a266
_bST783
100 1 _aStam , Jeff
_eautor
245 1 0 _aMisiones en la Iglesia Local.
_c/ Jeff Stam
264 _aGrand Rapids : Libros Desafío
_bLibros Desafío,
_c[1996]
264 _c©1996
300 _a79 páginas
_c; 20 cm
336 _atexto
_btxt
_2rdacontent
337 _2rdamedia
_asin mediación
_bn
338 _2rdacarrier
_avolumen
_bnc
505 _aEl Dios del pacto. -- Dios, las naciones e Israel. -- Me seréis testigos. -- Dios, Jesucristo y la humanidad. -- Los hechos de la iglesia. -- Ministrando, orando y enviando.
563 _aRústico
650 7 _9933
_aMisiones
_xObra educativa
942 _cBK